000
00338nam a2200133Ia 4500
008
151001s9999||||xx |||||||||||||| ||und||
100
_a
चारुशीला भिडे
245
_a
प्रकाश किरण
250
_a
1
260
_b
देविका
260
_c
1999
300
_a
171
365
_b
21
999
_c
976199
_d
976196